Library Banner

Rethinking Muslim women and the veil : challenging historical & modern stereotypes/ (Record no. 95823)

MARC details
000 -LEADER
fixed length control field 00518nam a22001697a 4500
005 - DATE AND TIME OF LATEST TRANSACTION
control field 20180307102855.0
008 - FIXED-LENGTH DATA ELEMENTS--GENERAL INFORMATION
fixed length control field 170727b xxu||||| |||| 00| 0 eng d
020 ## - INTERNATIONAL STANDARD BOOK NUMBER
International Standard Book Number 1565642872
040 ## - CATALOGING SOURCE
Transcribing agency PK-LaUMT
082 ## - DEWEY DECIMAL CLASSIFICATION NUMBER
Classification number ZIAC 297.082
Item number KAT-R
100 ## - MAIN ENTRY--PERSONAL NAME
Personal name Katherine, Bullock
245 ## - TITLE STATEMENT
Title Rethinking Muslim women and the veil : challenging historical & modern stereotypes/
Statement of responsibility, etc Bullock Katherine
260 ## - PUBLICATION, DISTRIBUTION, ETC. (IMPRINT)
Place of publication, distribution, etc London
Name of publisher, distributor, etc The international institute of islamic thought
Date of publication, distribution, etc 2002
300 ## - PHYSICAL DESCRIPTION
Extent 275 p
546 ## - LANGUAGE NOTE
Language note Eng
942 ## - ADDED ENTRY ELEMENTS (KOHA)
Koha item type Books
Holdings
Withdrawn status Lost status Damaged status Home library Current library Date acquired Full call number Barcode Date last seen Price effective from Koha item type
      UMT Main Campus UMT Main Campus 2017-07-27 ZIAC 297.082 KAT-R 111518 2017-07-27 2017-07-27 Books
      UMT Main Campus UMT Main Campus 2017-08-01 ZIAC 297.082 KAT-R 111728 2017-08-01 2017-08-01 Books